000 00674nam a2200241Ia 4500
003 OSt
005 20220918201252.0
006 a|||||r|||| 00| 0
007 ta
008 220917b |||||||| |||| 00| 0 eng d
024 _a92,771
037 _cTextual
040 _aARTS
_cARTS
_beng
041 _2eng
_aeng
082 _aV1:50gA, N0
100 _aWeeramantry C.G. Ed
_997847
245 0 _aHuman rights and scientific and technological development
260 _aTokyo
_bUnited Nations University Press
_c1990
300 _avi, 222p.
_ccm.
650 _aHISTORY
942 _hV1:50gA, N0
_cTEXL
_2CC
999 _c216422
_d216422